कथा सरित्सागर की अमर कहानियां / (Record no. 23551)

MARC details
000 -LEADER
fixed length control field 01365nam a22002897a 4500
008 - FIXED-LENGTH DATA ELEMENTS--GENERAL INFORMATION
fixed length control field 090211t xxu||||| |||| 00| 0 eng d
010 ## - LCCN (DPL NO)
LC control number HIN-91855
020 ## - INTERNATIONAL STANDARD BOOK NUMBER
International Standard Book Number 9788190490101
Terms of availability 300.00
035 ## - SYSTEM CONTROL NUMBER
System control number HN-64201
037 ## - SOURCE OF ACQUISITION
Source of stock number/acquisition हंसा साहित्य सदन
037 ## - SOURCE OF ACQUISITION
Source of stock number/acquisition DBAD / VEN
040 ## - CATALOGING SOURCE
Original cataloging agency dpl
Language of cataloging HN
082 ## - DEWEY DECIMAL CLASSIFICATION NUMBER
Classification number
100 ## - MAIN ENTRY--PERSONAL NAME
Personal name भरत सिंह
9 (RLIN) 25892
245 ## - TITLE STATEMENT
Title कथा सरित्सागर की अमर कहानियां /
Statement of responsibility, etc भरत सिंह
260 ## - PUBLICATION, DISTRIBUTION, ETC. (IMPRINT)
Place of publication, distribution, etc दिल्ली
Name of publisher, distributor, etc हंसा साहित्य सदन
Date of publication, distribution, etc 2009
270 ## - ADDRESS
Address फ्लैट नं.37 पाकेट-1,से.14,द्वारका,
City नई दिल्ली
Postal code 110078
300 ## - PHYSICAL DESCRIPTION
Extent 239 पृ.
Dimensions 23सेमी. (सजिल्द)
650 ## - SUBJECT ADDED ENTRY--TOPICAL TERM
Topical term or geographic name as entry element लघु कथाएँ, हिन्दी
9 (RLIN) 1169
650 ## - SUBJECT ADDED ENTRY--TOPICAL TERM
Topical term or geographic name as entry element Hindi Fiction
9 (RLIN) 25893
700 ## - ADDED ENTRY--PERSONAL NAME
Personal name
9 (RLIN) 25894
942 ## - ADDED ENTRY ELEMENTS (KOHA)
Source of classification or shelving scheme Dewey Decimal Classification
Item type Hindi Books
Classification part
Call number suffix भरत
Holdings
Withdrawn status Lost status Source of classification or shelving scheme Damaged status Not for loan Home library Current library Date acquired Cost, normal purchase price Total Checkouts Full call number Date last seen Cost, replacement price Collection code Source of acquisition Barcode Copy number Koha item type
    Dewey Decimal Classification   Ordered Andrews Gunj Andrews Gunj 12/02/2009 300.00   क भरत 12/02/2009 300.00          
    Dewey Decimal Classification   Not For Loan D.B.Act.Division D.B.Act.Division 11/02/2011 300.00   क भरत 11/02/2011 300.00 Fiction DBAD /PUB HN-64201 1 Hindi Books

© Delhi Public Library
Hit Counter
free hit counter